Bacteria in biology, biotechnology, and medicine (Record no. 376896)

MARC details
000 -LEADER
fixed length control field 00707nam a2200241Ia 4500
008 - FIXED-LENGTH DATA ELEMENTS--GENERAL INFORMATION
fixed length control field 191130s2004##################000#0#eng##
020 ## - INTERNATIONAL STANDARD BOOK NUMBER
ISBN 047009026X
082 ## - DEWEY DECIMAL CLASSIFICATION NUMBER
Classification number 579.3 SIN
100 ## - MAIN ENTRY--AUTHOR NAME
Personal name Singleton, Paul
245 ## - TITLE STATEMENT
Title Bacteria in biology, biotechnology, and medicine
Statement of responsibility, etc Paul Singleton
250 ## - EDITION STATEMENT
Edition statement 6th ed
260 ## - PUBLICATION, DISTRIBUTION, ETC. (IMPRINT)
Place of publication Hoboken, NJ
Name of publisher John Wiley & Sons
Year of publication 2004
300 ## - PHYSICAL DESCRIPTION
Number of Pages viii, 559 p. : ill. ; 26 cm
500 ## - GENERAL NOTE
General note Includes bibliographical references and index
650 ## - SUBJECT ADDED ENTRY--TOPICAL TERM
Topical Term Bacteria
Topical Term Industrial microbiology
Topical Term Medical bacteriology
991 ## -
-- 235848
Holdings
Withdrawn status Lost status Damaged status Not for loan Home library Current library Shelving location Date acquired Full call number Accession Number Price effective from Koha item type
        Anna Centenary Library Anna Centenary Library 5TH FLOOR, A WING 17.10.2020 579.3 SIN 128988 17.10.2020 English Books

Find us on the map